| 000 | 00000nam 2200000za 4500 |
| 001 | 9.631823 |
| 003 | CaOODSP |
| 005 | 20210624214519 |
| 007 | cr ||||||||||| |
| 008 | 150407s2004 onc|||||o f|0| 0 fre d |
| 040 | |aCaOODSP|bfre |
| 043 | |an-cn--- |
| 086 | 1 |aM144-59/2004F-PDF |
| 110 | 1 |aCanada.|bRessources naturelles Canada. |bOffice de l'efficacité énergétique. |
| 245 | 14|aLes problèmes d'humidité |h[ressource électronique]. |
| 260 | |aOttawa : |bRessources naturelles Canada, |c2004. |
| 300 | |a12 p. : |bill. |
| 500 | |aEn tête du titre: ÉnerGuide pour les maisons. Le n° de catalogue (M144-59/2004F) et l’ISBN (0-662-78458-8) de l'édition imprimée ont été incorrectement copiés dans l’édition électronique. |
| 520 | 3 |aLes problèmes d’humidité dans les habitations au Canada sont nuisibles à notre santé ainsi qu’à la durabilité et à la valeur de revente de nos maisons. La présente fiche technique explique comment résoudre ces problèmes, améliorer l’efficacité énergétique et réduire les émissions de gaz à effet de serre qui contribuent aux changements climatiques. |
| 590 | |a05-09|b2005-03-04 |
| 691 | 07|aChampignon|2gcpds |
| 691 | 07|aHygiène|2gcpds |
| 691 | 07|aLogement|2gcpds |
| 775 | 08|tMoisture problems |w(CaOODSP)9.687370 |
| 776 | 0#|tLes problèmes d'humidité |w(CaOODSP)9.682683 |
| 794 | |tLes problèmes d'humidité |w(CaOODSP)9.633887 |
| 856 | 40|ahttp://publications.gc.ca|qPDF|s642 Ko|uhttps://publications.gc.ca/collections/Collection/M144-59-2004F.pdf |